Najdroższe trafy MexHD w historii fify !!!!! - Statystyki

Ogólne statystyki
  • Ten quiz został rozwiązany 103 razy
  • Średni wynik to 4 z 10
Statystyki odpowiedzi
Hint Odpowiedź % Poprawnych
4.fifa 20 robertson toty
80%
1.fifa 21 puskas prime
79%
2.fifa 21 ben yedder headliner
43%
7.fifa 18 eder militao tots
39%
5.fifa 21 butraguenio prime
36%
6.fifa 20 butraguenio prime
36%
8.fifa 21 havertz otw
32%
9.fifa 21 desaily baby
27%
10.fifa 18 alan shearer baby
25%
3.fifa 21 tabsoba tots
23%
Nie znaleziono quizów pasujących do podanych kryteriów
Rozkład punktacji
Procent ludzi z każdym wynikiem
Percentyl według liczby udzielonych odpowiedzi
Twoja historia wyników
Nie rozwiązałeś tego quizu